| 000 | 00466ntaaa2200181 4500 | ||
|---|---|---|---|
| 003 | 01 | ||
| 005 | 20251027203049.0 | ||
| 008 | 0714s1973 ag 01 | ||
| 040 |
_aAR-BaBN _bspa _cAR-BaBN _eaacr _dRIC |
||
| 082 | _a226.6060 D39b | ||
| 100 |
_aDemaray, Donald E _931893 |
||
| 245 | _aThe book of acts | ||
| 250 | _a1 ed. | ||
| 260 |
_aGrand Rapids : _bBaker Book House, _c1959 |
||
| 300 |
_a66 p ; _c20 cm |
||
| 650 |
_aBiblia.N.T.Hechos--Estudio _913360 |
||
| 942 | _cBK | ||
| 999 |
_c26032 _d26032 |
||